000 01687cam a22004574i 4500
003 PE-LiUPU
005 20250731173052.0
008 180222s2013 miua r 001 0 eng d
020 _a9780801039164
035 _a(Sirsi) a241364
040 _aPE-LiUPU
_bspa
_cPE-LiUPU
_erda
049 _aPRUA
082 0 4 _a225.95
_bC28
_223
100 1 _aCarter, Warren,
_eautor.
245 1 0 _aSeven events that shaped the New Testament world /
_cWarren Carter.
264 1 _aMichigan :
_bBaker Academic,
_c2013.
300 _axv, 162 páginas :
_bilustraciones ;
_c23 centímetros
336 _atext
_2rdacontent
337 _aunmediated
_2rdamedia
338 _avolume
_2rdacarrier
504 _aÍndice : páginas 161-162.
505 0 _aThe death of Alexander the great -- The process of translating hebrew scriptures into greek -- The rededication of the Jerusalem temple -- The Roman occupation of Judea -- The crucifixion of Jesus -- The writing of the new testament texts -- The process of "closing" the new testament canon.
526 _aSEG42
526 _aSEG41
526 _aSEG40
526 _aSEG39
526 _aP94
526 _aP87
526 _aP86
526 _aP85
526 _aP77
526 _aP76
526 _aP35
650 0 4 _aBiblia
_xHistoria de eventos contemporáneos.
910 _adbm
_bncf
_cncf
_d20180222
942 _2ddc
_cBOOK
994 _aC0
_bPEPRU
596 _a1
999 _a225.95 C28
_wDEWEY
_c27005
_i78297
_f2021-11-9
_g4
_lCCODEBUL1
_mBUL
_p17.98
_r0
_sY
_tBOOK
_u2018-2-22
_xTEOLOGIA
_PP85
_0COMPRA
_o.STAFF. Colección Teología
_d27005
980 _81
_gALBERTO SANCHEZ Responsable de Automatización